Biblioteca y Centro de Documentación

Relaciones euromediterráneas 1997-1998 (Registro nro. 9446)

Detalles MARC
000 -CABECERA
Longitud fija campo de control 01607nam a2200397 c 4500
001 - NÚMERO DE CONTROL
Número de control 9446
003 - IDENTIFICADOR DE NÚMERO DE CONTROL
Identificador del número de control ES-MaCES
005 - FECHA Y HORA DE LA ÚLTIMA TRANSACCIÓN
Fecha y hora de la última transacción 20150929135418.0
008 - CAMPO FIJO DE DESCRIPCIÓN FIJA--INFORMACIÓN GENERAL
Códigos de información de longitud fija   990930s1999 sp t o000 | spa d
035 ## - NÚMERO DE CONTROL DEL SISTEMA
Número de control del sistema CES19990013880m
040 ## - FUENTE DE CATALOGACIÓN
Centro catalogador de origen ES-MaCES
Lengua de catalogación spa
Centro transcriptor ES-MaCES
245 00 - MENCIÓN DE TÍTULO
Título Relaciones euromediterráneas 1997-1998
Resto del título : dossier documental
Mención de responsabilidad, etc. [Centro Español de Relaciones Internacionales ; edición, Paz Fernández]
260 ## - PUBLICACIÓN, DISTRIBUCIÓN, ETC (PIE DE IMPRENTA)
Lugar de publicación, distribución, etc. [Madrid
Nombre del editor, distribuidor, etc. Ministerio de Asuntos Exteriores, Secretaría General Técnica, Area de Documentación y Publicaciones
Fecha de publicación, distribución, etc. 1999]
300 ## - DESCRIPCIÓN FÍSICA
Extensión 127 h.
Dimensiones 30 cm
500 ## - NOTA GENERAL
Nota general Tít. tomado de la cub.
541 ## - NOTA DE LA FUENTE INMEDIANTE DE ADQUISICIÓN
Forma de adquisición Gratuito
630 04 - ASIENTO SECUNDARIO DE MATERIA--TÍTULO UNIFORME
Título uniforme Asociación Euromediterránea
9 (RLIN) 33965
650 #4 - ASIENTO SECUNDARIO DE MATERIA--TÉRMINO DE MATERIA
Término de materia o nombre geográfico como elemento inicial ayuda al desarrollo
9 (RLIN) 26634
650 #4 - ASIENTO SECUNDARIO DE MATERIA--TÉRMINO DE MATERIA
Término de materia o nombre geográfico como elemento inicial cooperación regional
9 (RLIN) 26636
650 #4 - ASIENTO SECUNDARIO DE MATERIA--TÉRMINO DE MATERIA
Término de materia o nombre geográfico como elemento inicial cooperación económica
9 (RLIN) 29790
650 #4 - ASIENTO SECUNDARIO DE MATERIA--TÉRMINO DE MATERIA
Término de materia o nombre geográfico como elemento inicial relaciones internacionales
9 (RLIN) 26675
650 #4 - ASIENTO SECUNDARIO DE MATERIA--TÉRMINO DE MATERIA
Término de materia o nombre geográfico como elemento inicial país mediterráneo
9 (RLIN) 29050
650 #4 - ASIENTO SECUNDARIO DE MATERIA--TÉRMINO DE MATERIA
Término de materia o nombre geográfico como elemento inicial 1997-1998
9 (RLIN) 30976
650 #4 - ASIENTO SECUNDARIO DE MATERIA--TÉRMINO DE MATERIA
Término de materia o nombre geográfico como elemento inicial lista de documentos
9 (RLIN) 28943
653 10 - TÉRMINO DE INDEXACIÓN--NO CONTROLADO
Término no controlado Cooperación al desarrollo
650 #4 - ASIENTO SECUNDARIO DE MATERIA--TÉRMINO DE MATERIA
9 (RLIN) 29234
Término de materia o nombre geográfico como elemento inicial desarrollo económico y social
650 #4 - ASIENTO SECUNDARIO DE MATERIA--TÉRMINO DE MATERIA
9 (RLIN) 26752
Término de materia o nombre geográfico como elemento inicial UE
710 2# - ENCABEZAMIENTO SECUNDARIO--NOMBRE CORPORATIVO
Nombre de entidad o nombre de jurisdicción como elemento inicial España
Unidad subordinada Ministerio de Asuntos Exteriores
Término indicativo de función ed.
9 (RLIN) 3226
710 2# - ENCABEZAMIENTO SECUNDARIO--NOMBRE CORPORATIVO
Nombre de entidad o nombre de jurisdicción como elemento inicial Centro Español de Relaciones Internacionales
9 (RLIN) 1903
787 0# - ENTRADA DE OTRAS ESPECIFICACIONES
Título Relaciones euromediterráneas 1999-2000
Número de control del registro relacionado (ES-MaCES)12015
787 0# - ENTRADA DE OTRAS ESPECIFICACIONES
Título Relaciones euromediterráneas de Barcelona 1995 a Malta 1997
Número de control del registro relacionado (ES-MaCES)9445
700 1# - ENCABEZAMIENTO SECUNDARIO--NOMBRE PERSONAL
9 (RLIN) 12014
Nombre de persona Fernández y Fernández-Cuesta, Paz
Término indicativo de función ed. lit.
902 ## - CES. TIPO DE DOCUMENTO
Tipodoc (006$c Sirtex) DOC Literatura gris
942 ## - ELEMENTOS KOHA
Fuente de clasificaión o esquema Clasificación propia del CES
Koha [por defecto] tipo de item Monografías
Parte de clasificación 1.2.
Existencias
Número de registro Signatura completa Tipo de item de Koha
032226 DOC-1.2.-59 Monografías
© CES, Consejo Económico y Social de España 2021